Polscy złoci medaliści Igrzysk olimpijskich - Statystyki

Ogólne statystyki
  • Ten quiz został rozwiązany 38 razy
  • Średni wynik to 16 z 75
Statystyki odpowiedzi
Podpowiedź Odpowiedź % Poprawnych
Paryż 2024 (wspinaczka sportowa) Aleksandra Mirosław
78%
Londyn 2012, Rio de Janeiro 2016, Tokio 2020 (rzut młotem) Anita Włodarczyk
75%
Tokio 1964, Meksyk 1968,Montreal 1976 (sztafeta,bieg na 200 m. 400 m) Irena Szewińska
63%
Moskwa 1980 (skok o tyczce) Władysław Kozakiewicz
63%
Tokio 2020 (rzut młotem) Wojciech Nowicki
63%
Amsterdam 1928 (rzut dyskiem) Halina Konopacka
59%
Ateny 2004 (pływanie) Otylia Jędrzejczak
59%
Atlanta 1996, Sydney 2000, Ateny 2004 (chód na 50 km,20 km) łącznie 4 medale Robert Korzeniowski
59%
Pekin 2008, Londyn 2012 (pchnięcie kulą) Tomasz Majewski
59%
Tokio 2020 (chód na 50 km) Dawid Tomala
53%
Monachium 1972 (szermierka) Jerzy Kaczmarek
53%
Tokio 2020 (sztafeta mieszana 4 × 400 m) Natalia Kaczmarek
53%
Sydney 2000 (rzut młotem) Kamila Skolimowska
50%
Tokio 1964, Meksyk 1968 (boks) Jerzy Kulej
44%
Tokio 2020 (sztafeta mieszana 4 × 400 m) Justyna Święty-Ersetic
44%
Pekin 2008 (gimnastyka) Leszek Blanik
41%
Londyn 2012 (podnoszenie ciężarów) Adrian Zieliński
38%
Los Angeles 1932 (bieg na 10 000 m) Janusz Kusociński
34%
Atlanta 1996, Sydney 2000 (strzelectwo) Renata Mauer-Różańska
34%
Sydney 2000 (rzut młotem) Szymon Ziółkowski
34%
Tokio 2020 (sztafeta mieszana 4 × 400 m) Kajetan Duszyński
31%
Atlanta 1996 (judo) Paweł Nastula
31%
Tokio 2020 (sztafeta mieszana 4 × 400 m) Iga Baumgart-Witan
28%
Tokio 2020 (sztafeta mieszana 4 × 400 m) Karol Zalewski
22%
Atlanta 1996 (żeglarstwo) Mateusz Kusznierewicz
22%
Los Angeles 1932 (bieg na 100 m) Stanisława Walasiewicz
22%
Pekin 2008 (podnoszenie ciężarów) Szymon Kołecki
22%
Monachium 1972 (pchnięcie kulą) Władysław Komar
22%
Barcelona 1992 (pięciobój nowoczesny, indywidualnie) 2 medale Arkadiusz Skrzypaszek
19%
Sydney 2000, Ateny 2004 (wioślarstwo) Robert Sycz
19%
Sydney 2000, Ateny 2004 (wioślarstwo) Tomasz Kucharski
19%
Seul 1988, Atlanta 1996 (zapasy) Andrzej Wroński
16%
Montreal 1976 (skok wzwyż) Jacek Wszoła
16%
Tokio 2020 (sztafeta mieszana 4 × 400 m) Małgorzata Hołub-Kowalik
16%
Moskwa 1980 (bieg na 3000 m z przeszkodami) Bronisław Malinowski
13%
Moskwa 1980 (jeździectwo) Jan Kowalczyk
13%
Montreal 1976 (skok o tyczce) Tadeusz Ślusarski
13%
Monachium 1972 (szermierka) 2 medale Witold Woyda
13%
Pekin 2008 (wioślarstwo, czwórka podwójna) Adam Korol
9%
Montreal 1976 (pięciobój nowoczesny) Janusz Pyciak-Peciak
9%
Meksyk 1968 (szermierka) Jerzy Pawłowski
9%
Rzym 1960, Tokio 1964 (trójskok) Józef Szmidt
9%
Pekin 2008 (wioślarstwo, czwórka podwójna) Konrad Wasielewski
9%
Rio de Janeiro 2016 (wioślarstwo, dwójka podwójna) Magdalena Fularczyk-Kozłowska
9%
Tokio 1964 (boks) Marian Kasprzyk
9%
Tokio 1964 (sztafeta 4*100 m) Teresa Ciepły
9%
Tokio 1964, Meksyk 1968 (podnoszenie ciężarów) Waldemar Baszanowski
9%
Seul 1988, Barcelona 1992 (judo) Waldemar Legień
9%
Rzym 1960 (bieg na 3000 m z przeszkodami) Zdzisław Krzyszkowiak
9%
Helsinki 1952 (boks) Zygmunt Chychła
9%
Tokio 1964 (szermierka) Egon Franke
6%
Melbourne 1956 (skok w dal) Elżbieta Krzesińska
6%
Tokio 1964 (sztafeta 4*100 m) Ewa Kłobukowska
6%
Rzym 1960 (podnoszenie ciężarów) Ireneusz Paliński
6%
Rzym 1960 (boks) Kazimierz Paździor
6%
Pekin 2008 (wioślarstwo, czwórka podwójna) Marek Kolbowicz
6%
Pekin 2008 (wioślarstwo, czwórka podwójna) Michał Jeliński
6%
Rio de Janeiro 2016 (wioślarstwo, dwójka podwójna) Natalia Madaj
6%
Atlanta 1996 (zapasy) Ryszard Wolny
6%
Monachium 1972 (podnoszenie ciężarów) Zygmunt Smalcerz
6%
Tokio 2020 (sztafeta mieszana 4 × 400 m) Dariusz Kowaluk
3%
Tokio 1964 (sztafeta 4*100 m) Halina Górecka
3%
Monachium 1972 (boks) Jan Szczepański
3%
Montreal 1976 (boks) Jerzy Rybicki
3%
Tokio 1964 (boks) Józef Grudzień
3%
Meksyk 1968, Monachium 1972 (strzelectwo) Józef Zapędzki
3%
Monachium 1972 (szermierka) Marek Dąbrowski
3%
Monachium 1972 (sport drużynowy) Reprezentacja Polski w piłce nożnej
3%
Montreal 1976 (sport drużynowy) Reprezentacja Polski w siatkówce
3%
Atlanta 1996 (zapasy) Włodzimierz Zawadzki
3%
Monachium 1972 (szermierka) Arkadiusz Godel
0%
Barcelona 1992 (pięciobój nowoczesny) Dariusz Goździak
0%
Montreal 1976 (zapasy) Kazimierz Lipień
0%
Monachium 1972 (szermierka) Lech Koziejowski
0%
Barcelona 1992 (pięciobój nowoczesny) Maciej Czyżowicz
0%
Nie znaleziono quizów pasujących do podanych kryteriów
Rozkład punktacji
Procent ludzi z każdym wynikiem
Percentyl według liczby udzielonych odpowiedzi
Twoja historia wyników
Nie rozwiązałeś tego quizu